000 00448nam a2200181Ia 4500
001 23853
005 20260414151005.0
008 260414t2018||||xx |||||||||||||| ||spa||
041 _aESP
082 _a720.1
_bP19
100 _aPallasmaa, Juhani
_eAUT
245 0 _aLos ojos de la piel :
_bla arquitectura y los sentidos
260 _c2018
300 _a127 páginas :
_c20 cm.
650 _aABD
654 _aCAU
942 _cLIB
_dJUS
_fJUS
_2ddc
_n
999 _c23853
_d23853